<?xml version="1.0" encoding="UTF-8"?>
<record
    xmlns:xsi="http://www.w3.org/2001/XMLSchema-instance"
    xsi:schemaLocation="http://www.loc.gov/MARC21/slim http://www.loc.gov/standards/marcxml/schema/MARC21slim.xsd"
    xmlns="http://www.loc.gov/MARC21/slim">

  <leader>01181nam a2200313 a 4500</leader>
  <controlfield tag="008">260506s2026    sp            000 0 spa d</controlfield>
  <datafield tag="041" ind1=" " ind2=" ">
    <subfield code="a">spa</subfield>
  </datafield>
  <datafield tag="245" ind1="0" ind2="0">
    <subfield code="a">CCOO y UGT llaman a la ciudadan&#xED;a a salir a las calles para exigir en este 1&#xBA; de Mayo m&#xE1;s salarios y derechos y menos trincheras</subfield>
  </datafield>
  <datafield tag="260" ind1=" " ind2=" ">
    <subfield code="a">Toledo :</subfield>
    <subfield code="b">CCOO de Castilla-La Mancha,</subfield>
    <subfield code="c">2026</subfield>
  </datafield>
  <datafield tag="300" ind1=" " ind2=" ">
    <subfield code="a">1 p.  ;</subfield>
    <subfield code="c"> 30 cm</subfield>
  </datafield>
  <datafield tag="500" ind1=" " ind2=" ">
    <subfield code="a">En: Gaceta Sindical Digital : Castilla-La Mancha, n. 617 (abril 2026), p. 2</subfield>
  </datafield>
  <datafield tag="650" ind1=" " ind2="0">
    <subfield code="a">ACTITUD SINDICAL</subfield>
    <subfield code="9">61</subfield>
  </datafield>
  <datafield tag="650" ind1=" " ind2="0">
    <subfield code="a">COMUNIDADES AUTONOMAS</subfield>
    <subfield code="9">344</subfield>
  </datafield>
  <datafield tag="650" ind1=" " ind2="0">
    <subfield code="a">CASTILLA-LA MANCHA</subfield>
    <subfield code="9">3732</subfield>
  </datafield>
  <datafield tag="650" ind1=" " ind2="0">
    <subfield code="a">DIA INTERNACIONAL DE LOS TRABAJADORES</subfield>
    <subfield code="9">39791</subfield>
  </datafield>
  <datafield tag="650" ind1=" " ind2="0">
    <subfield code="a">DERECHOS DE LOS TRABAJADORES</subfield>
    <subfield code="9">4</subfield>
  </datafield>
  <datafield tag="650" ind1=" " ind2="0">
    <subfield code="a">MOVIMIENTO OBRERO</subfield>
    <subfield code="9">970</subfield>
  </datafield>
  <datafield tag="650" ind1=" " ind2="0">
    <subfield code="a">VIVIENDA</subfield>
    <subfield code="9">438</subfield>
  </datafield>
  <datafield tag="650" ind1=" " ind2="0">
    <subfield code="a">SINDICALISMO</subfield>
    <subfield code="9">189</subfield>
  </datafield>
  <datafield tag="650" ind1=" " ind2="0">
    <subfield code="a">GUERRA</subfield>
    <subfield code="9">799</subfield>
  </datafield>
  <datafield tag="650" ind1=" " ind2="0">
    <subfield code="a">ORIENTE MEDIO</subfield>
    <subfield code="9">3584</subfield>
  </datafield>
  <datafield tag="650" ind1=" " ind2="0">
    <subfield code="a">ESTADOS UNIDOS DE AMERICA</subfield>
    <subfield code="9">22787</subfield>
  </datafield>
  <datafield tag="650" ind1=" " ind2="0">
    <subfield code="a">DERECHOS HUMANOS</subfield>
    <subfield code="9">2569</subfield>
  </datafield>
  <datafield tag="650" ind1=" " ind2="0">
    <subfield code="a">DEMOCRACIA</subfield>
    <subfield code="9">387</subfield>
  </datafield>
  <datafield tag="710" ind1="2" ind2=" ">
    <subfield code="a">CCOO</subfield>
    <subfield code="b">Castilla-La Mancha</subfield>
    <subfield code="e">ed.</subfield>
    <subfield code="9">24880</subfield>
  </datafield>
  <datafield tag="856" ind1=" " ind2=" ">
    <subfield code="z">PDF</subfield>
    <subfield code="u">https://docpublicos.ccoo.es/cendoc/073638CCOOUGTLlaman1Mayo.pdf</subfield>
  </datafield>
  <datafield tag="907" ind1=" " ind2=" ">
    <subfield code="a">Primero de Mayo</subfield>
  </datafield>
  <datafield tag="942" ind1=" " ind2=" ">
    <subfield code="c">DOCU_ELEC</subfield>
    <subfield code="2">ddc</subfield>
    <subfield code="n">0</subfield>
  </datafield>
  <datafield tag="999" ind1=" " ind2=" ">
    <subfield code="c">64750</subfield>
    <subfield code="d">64750</subfield>
  </datafield>
  <datafield tag="952" ind1=" " ind2=" ">
    <subfield code="0">0</subfield>
    <subfield code="1">0</subfield>
    <subfield code="2">ddc</subfield>
    <subfield code="4">0</subfield>
    <subfield code="7">0</subfield>
    <subfield code="a">CENDO</subfield>
    <subfield code="b">CENDO</subfield>
    <subfield code="d">2026-05-06</subfield>
    <subfield code="i">073638</subfield>
    <subfield code="l">0</subfield>
    <subfield code="p">2026-0992</subfield>
    <subfield code="r">2026-05-06 10:26:14</subfield>
    <subfield code="t">PS164</subfield>
    <subfield code="w">2026-05-06</subfield>
    <subfield code="y">DOCU_ELEC</subfield>
  </datafield>
</record>
